Capitanes de plástico / (Registro nro. 8424)

Detalles MARC
000 -LIDER
fixed length control field 00563nam a22002057a 4500
003 - IDENTIFICACDOR DE NÚMERO DE CONTROL
control field DO-SdBNP
005 - DATE AND TIME OF LATEST TRANSACTION
control field 20171201081936.0
008 - ELEMENTOS DE LONGITUD FIJA
fixed length control field 151022b 1983 mdrid|||| |||| 00| 0 spa d
020 ## - ISBN
International Standard Book Number 843481157X
040 ## - FUENTE DE CATALOGACIÓN
Agencia que crea de manera original el registro BPMSU
Idioma de catalogación spa
Agencia que realiza la transcripción BPMSU
100 ## - ASIENTO PRINCIPAL -- NOMBRE PERSONAL
Nombre personal Mateos, Pilar
245 ## - MENCIÓN DE TITULO
Título Capitanes de plástico /
Mención de responsabilidad Pilar Mateos
260 ## - PUBLICACIÓN, DISTRIBUCIÓN, ETC. (PIE DE IMPRENTA)
Lugar de publicación, distribución, etc Madrid :
Nombre del editor, distribuidor, etc. SM
Fecha de impresión 1992
300 ## - DESCRIPCIÓN FÍSICA
Materiales especificados 96 p. :
Otros detalles físicos il
490 ## - MENCIÓN DE SERIES
Mención de serie El barco de vapor ; serie no, 18
585 ## - NOTA DE PREMIOS
Nota de premios Premio El barco de vapor 1981
942 ## - ADDED ENTRY ELEMENTS (KOHA)
Source of classification or shelving scheme Dewey Decimal Classification
Koha item type Libros
945 ## - INFORMACIÓN DE PROCESAMIENTO LOCAL
Información de procesamiento local inventariado extranjero / DG
956 ## - LOCAL ELECTRONIC LOCATION AND ACCESS (OCLC)
Nombre de host daysi garcia

No hay ítems disponibles.